Statistics for Famous Landmarks in the South

Click here to take the quiz!

General Stats

  • This quiz has been taken 17 times
    (4 since last reset)
  • The average score is 8 of 14

Answer Stats

HintAnswer% Correct
Texans often remember this missionThe Alamo
100%
The most visited theme park in the worldWalt Disney World
100%
Contains the Tomb of the Unknown SoldierArlington National Cemetery
67%
The US Civil War started hereFort Sumter
67%
Elvis's homeGraceland
67%
George Washington's plantation homeMount Vernon
67%
Giant relief carving of famous ConfederatesStone Mountain
67%
Daniel Boone went through this pass on his westward expeditionCumberland Gap
33%
Home to and namesake of the most famous race in NASCARDaytona Speedway
33%
Part of the march from Selma to Montgomery during the Civil Rights movementEdmund Pettus Bridge
33%
Originally known as the Place d'ArmesJackson Square
33%
Neoclassical monument of the "Great Emancipator"Lincoln Memorial
33%
Large ridge on the Georgia-Tennessee border, site of a famous Civil War battleLookout Mountain
33%
The largest dam of its type in the world at the time of its constructionWilson Dam
33%

Score Distribution

Percentile by Number Answered

Percent of People with Each Score

Your Score History

You have not taken this quiz since the last reset